Código procesal civil para jueces y abogados litigantes (Registro nro. 22097)

Detalles MARC
000 -Cabecera
Campo de control interno 00869nam a2200265Ia 4500
005 - Fecha y hora del registro
control field 20260320113342.0
008 - Elementos de Longitud Fija
fixed length control field 260320s9999||||xx |||||||||||||| ||und||
020 ## - ISBN
ISBN 9786129916507
041 ## - Idioma
Codigo Idioma ESP
082 ## - DEWEY y NOTACIÓN INTERNA
Dewey 345.7
Notación Interna H56A T. 2
100 ## - AUTOR
Autor denominación Hinostroza Minguez, Alberto,
Término de relación autor
245 #0 - TÍTULO DE MATERIAL BIBLIOGRÁFICO
Título Código procesal civil para jueces y abogados litigantes
Título paralelo
246 ## - TÍTULO TRADUCIDO
Título
Título paralelo
Autor
250 ## - EDICIÓN
Edición Primera edición
260 ## - CIUDAD, EDITORIAL, AÑO
Ciudad Lima :
Nombre de la Editorial Grupo Praxis,
Año 2025
300 ## - DESCRIPCIÓN
N° Páginas 1007 páginas :
Otros detalles
Dimensiones 25 cm.
Material Adicional
440 ## - MENCIÓN DE SERIE
Título de la Serie (Derecho Procesal Civil)
Número de Serie
Volumen de Serie
650 ## - TEMAS
Temas Ciencias Sociales
653 ## - DESCRIPTORES
Lenguajes no controlado Derecho; Derecho procesal civil; Código procesal civil
654 ## - PROGRAMAS
Programa
700 ## - OTROS AUTORES
Otros autores
Títulos y otras palabras asociadas con el nombre
856 ## - URL - UBICACIÓN
URI/URL: Enlace exacto del recurso <a href="https://itmsp.museknowledge.com/UCSP?groupID=2&action=source&sourceID=TirantPalestra_IP">https://itmsp.museknowledge.com/UCSP?groupID=2&action=source&sourceID=TirantPalestra_IP</a>
Nota pública: Versión digital <a href="Véase además: Base de datos Tirant Palestra">Véase además: Base de datos Tirant Palestra</a>
942 ## - ELEMENTOS DE KOHA
Tipo de documento Libro
Nombre del creador Justo Noguera
Código de catalogador Tania Ramirez
Esquema de clasificación Dewey Decimal Classification
Suppress in OPAC
Existencias
Codigo completo Registro Colección Copia número Disponibilidad Tipo de préstamo Biblioteca Actual Procedencia (Biblioteca) Ubicacón Fecha Ingreso Tipo de Adquisición Observación Date last seen Total checkouts Date last checked out Price effective from Tipo de Item Estado del Material Fuente de Clasificación Damaged status Withdrawn status
345.7 H56A T. 2 1088015 Universidad Católica San Pablo 1 Disponible Disponible Víctor Andrés Belaunde Víctor Andrés Belaunde Primer piso 10/03/2026 Compra Derecho 01/04/2026 1 01/04/2026 20/03/2026 Libro Bueno Dewey Decimal Classification